| 000 | 00680nam a22002177a 4500 | ||
|---|---|---|---|
| 999 |
_c177665 _d177665 |
||
| 005 | 20210224170925.0 | ||
| 010 | _aENG-129047 | ||
| 020 |
_c350.00 _a978-93-89136-06-7 |
||
| 035 | _aEN-112579 | ||
| 037 | _bDBAD/PUB | ||
| 082 | _aN | ||
| 100 | _aBose, Samaresh | ||
| 245 |
_aDissevered/ _cSamaresh Bose |
||
| 246 | _aKhandita | ||
| 260 |
_aNew Delhi _bNiyogi Books _c2019 |
||
| 270 |
_bNew Delhi _aBlock D, Building No. 77, Okhla Industrial Area, Phase-I _e110020 _k11-26816301, 26818960 _mniyogibooks@gmail.com |
||
| 300 |
_a192p. _c22cm(pbk) |
||
| 500 | _aTranslated from the Bengali Original Khandita by Rani Ray | ||
| 700 | _aRay, Rani, Tr. | ||
| 942 |
_2ddc _cEN _hN _mBOS |
||